Ultrasonic inspection of spent nuclear fuel casks; IOP Conference Series: Materials Science and Engineering; Vol. 81 : Radiation-Thermal Effects and Processes in Inorganic Materials

Dades bibliogràfiques
Parent link:IOP Conference Series: Materials Science and Engineering
Vol. 81 : Radiation-Thermal Effects and Processes in Inorganic Materials.— 2015.— [012073, 7 p.]
Autor corporatiu: Национальный исследовательский Томский политехнический университет (ТПУ) Институт неразрушающего контроля (ИНК) Кафедра промышленной и медицинской электроники (ПМЭ), Национальный исследовательский Томский политехнический университет (ТПУ) Институт физики высоких технологий (ИФВТ) Кафедра общей и неорганической химии (ОНХ), Национальный исследовательский Томский политехнический университет (ТПУ) Институт неразрушающего контроля (ИНК) Международная научно-образовательная лаборатория неразрушающего контроля (МНОЛ НК)
Altres autors: Bolotina I. O. Irina Olegovna, Bulavinov A., Lider A. M. Andrey Markovich, Sednev D. A. Dmitry Andreevich, Shtaynbreher A.
Sumari:Title screen
The paper describes the main aspects of ultrasonic non-destructive inspection of casks with spent fuel. Digital Focus Array technique is proposed for acoustic imaging of spent nuclear fuel casks' closure weld. Scientific and engineering basics and imaging algorithms of this technique are discussed. Advantages of Digital Focus Array technique in comparison with common techniques of acoustic images processing are revealed.
Режим доступа: по договору с организацией-держателем ресурса
Idioma:anglès
Publicat: 2015
Matèries:
Accés en línia:http://dx.doi.org/10.1088/1757-899X/81/1/012073
http://earchive.tpu.ru/handle/11683/14717
Format: Electrònic Capítol de llibre
KOHA link:https://koha.lib.tpu.ru/cgi-bin/koha/opac-detail.pl?biblionumber=642987

MARC

LEADER 00000nla2a2200000 4500
001 642987
005 20250712062927.0
035 |a (RuTPU)RU\TPU\network\7975 
035 |a RU\TPU\network\7972 
090 |a 642987 
100 |a 20150826a2015 k y0engy50 ba 
101 0 |a eng 
102 |a GB 
105 |a y z 100zy 
135 |a drcn ---uucaa 
181 0 |a i  
182 0 |a b 
200 1 |a Ultrasonic inspection of spent nuclear fuel casks  |f I. O. Bolotina, A. Bulavinov, A. M. Lider [et al.] 
203 |a Text  |c electronic 
300 |a Title screen 
320 |a [References: 8 tit.] 
330 |a The paper describes the main aspects of ultrasonic non-destructive inspection of casks with spent fuel. Digital Focus Array technique is proposed for acoustic imaging of spent nuclear fuel casks' closure weld. Scientific and engineering basics and imaging algorithms of this technique are discussed. Advantages of Digital Focus Array technique in comparison with common techniques of acoustic images processing are revealed. 
333 |a Режим доступа: по договору с организацией-держателем ресурса 
337 |a Adobe Reader 
461 1 |0 (RuTPU)RU\TPU\network\2008  |t IOP Conference Series: Materials Science and Engineering 
463 1 |0 (RuTPU)RU\TPU\network\7891  |t Vol. 81 : Radiation-Thermal Effects and Processes in Inorganic Materials  |o International Scientific Conference, 3-8 November 2014, Tomsk, Russia  |o [proceedings]  |v [012073, 7 p.]  |d 2015 
610 1 |a электронный ресурс 
610 1 |a труды учёных ТПУ 
610 1 |a ультразвуковой контроль 
610 1 |a отработанное ядерное топливо 
610 1 |a ядерное топливо 
610 1 |a неразрушающий контроль 
610 1 |a томография 
701 1 |a Bolotina  |b I. O.  |c specialist in the field of industrial and medical electronics  |c Associate Professor of Tomsk Polytechnic University, Candidate of chemical sciences  |f 1974-  |g Irina Olegovna  |3 (RuTPU)RU\TPU\pers\34516  |9 17897 
701 1 |a Bulavinov  |b A. 
701 1 |a Lider  |b A. M.  |c Physicist  |c Professor of Tomsk Polytechnic University, Doctor of Technical Sciences  |f 1976-2025  |g Andrey Markovich  |y Tomsk  |3 (RuTPU)RU\TPU\pers\30400  |9 14743 
701 1 |a Sednev  |b D. A.  |c specialist in the field of non-destructive testing  |c assistant of Tomsk Polytechnic University, junior researcher  |f 1989-  |g Dmitry Andreevich  |3 (RuTPU)RU\TPU\pers\34514 
701 1 |a Shtaynbreher  |b A. 
712 0 2 |a Национальный исследовательский Томский политехнический университет (ТПУ)  |b Институт неразрушающего контроля (ИНК)  |b Кафедра промышленной и медицинской электроники (ПМЭ)  |3 (RuTPU)RU\TPU\col\18719 
712 0 2 |a Национальный исследовательский Томский политехнический университет (ТПУ)  |b Институт физики высоких технологий (ИФВТ)  |b Кафедра общей и неорганической химии (ОНХ)  |3 (RuTPU)RU\TPU\col\18686 
712 0 2 |a Национальный исследовательский Томский политехнический университет (ТПУ)  |b Институт неразрушающего контроля (ИНК)  |b Международная научно-образовательная лаборатория неразрушающего контроля (МНОЛ НК)  |3 (RuTPU)RU\TPU\col\19961 
801 2 |a RU  |b 63413507  |c 20210708  |g RCR 
856 4 |u http://dx.doi.org/10.1088/1757-899X/81/1/012073 
856 4 |u http://earchive.tpu.ru/handle/11683/14717 
942 |c CF